MLB Mascot Blitz Quiz Stats

 Plays Quiz Updated Apr 10, 2018

Also try: NFL Mascot Blitz
Challenge
Share
Tweet
Score 0/16 Timer 01:30
3 Plays Today
% Correct
Mariner Moose
92.4%
The Oriole Bird
92.2%
Billy the Marlin
91.8%
Phillie Phanatic
90.2%
Mr. Met
88.9%
Wally the Green Monster
87.4%
Lou Seal
86.7%
Swinging Friar
86.6%
% Correct
Mr. Redlegs
83.3%
Orbit
79.2%
Paws
62.2%
Stomper
56.2%
Dinger
49.3%
Clark
47.9%
Ace
47%
Sluggerrr
30.9%

You're not logged in!

Compare scores with friends on all Sporcle quizzes.
Join for Free
OR
Log In

You Might Also Like...

Show Comments

Extras

Top Quizzes Today


Score Distribution

Your Account Isn't Verified!

In order to create a playlist on Sporcle, you need to verify the email address you used during registration. Go to your Sporcle Settings to finish the process.

Report this User

Report this user for behavior that violates our Community Guidelines.

Details: